| 000 | 00793nas a2200253 4500 | ||
|---|---|---|---|
| 001 | BR0505308 | ||
| 003 | BR-BrBNA | ||
| 005 | 20231205105711.0 | ||
| 007 | ta | ||
| 008 | 230509b bl.|||p| |||| 00| 00por d | ||
| 040 |
_aBR-BrBNA _bpor _cBiblioteca Nacional de Agricultura |
||
| 041 | _a(Pt) | ||
| 072 | _aF02 | ||
| 100 | 1 | _aFior, C.S. | |
| 100 | 1 | _aPrestes, C.G. | |
| 100 | 1 | _aRodrigues, L.R. | |
| 245 | 1 | _aDesinfestação com paraformaldeído no cultivo in vitro de Limonium platyphyllum Lincz. | |
| 650 | _aPLANTA ORNAMENTAL | ||
| 650 | _aMICROPROPAGAÇÃO | ||
| 650 | _aDESINFECÇÃO | ||
| 773 | 0 |
_tPlant Cell Culture
Micropropagation (Brazil) _xISSN 1808-9909 _g(Jan-Jun 2005), v. 1(1) p. 24-30 _wBR0505308 |
|
| 909 |
_a202311 _bLúcia _c55 _dLúcia Elande |
||
| 942 |
_2AGRIS _n0 _cANA |
||
| 999 |
_c184229 _d184229 |
||